000 00801nam a22002415i 4500
001 176801
003 ES-MaACL
005 20230906220202.0
008 110210s1970 sp ao |||| | spa d
080 _a59(089.3)
100 1 _aGraven, Jacques.
_959775
245 1 3 _aEl hombre y el animal /
_c[Jacques Graven ; traducción de Mª Dolores Orriols].
250 _a1ª ed.
260 _aEsplugas de Llobregat (Barcelona) :
_bPlaza & Janés,
_c1970.
300 _a254 p. :
_bil. ;
_c18 cm.
490 1 _aEnciclopedia horizonte ;
_v9
504 _aBibliografía: p. 253-254.
650 4 _aAnimales-
_xCuriosidades.
_9145149
700 1 _aOrriols, María Dolores.
_9145148
830 1 _aEnciclopedia horizonte ;
_v9
_9190248
852 4 _aES-MaACL
_jE-14278
_xOlim P-1404
999 _c176801
_d176801